Los sectores empresariales y elecciones /
En este capítulo se analiza la participación de la sociedad civil durante la coyuntura electoral 2006-2007, período que comprende las elecciones nacionales de febrero de 2006, las elecciones municipales realizadas en diciembre del mismo año, y el primer referéndum realizado en Costa Rica en octubre...
Furkejuvvon:
| Váldodahkki: | |
|---|---|
| Materiálatiipa: | Texto |
| Giella: | Spanish |
| Almmustuhtton: |
San José:
Costa Rica. Tribunal Supremo de Elecciones. FLACSO
|
| Fáttát: | |
| Fáddágilkorat: |
Lasit fáddágilkoriid
Eai fáddágilkorat, Lasit vuosttaš fáddágilkora!
|
MARC
| LEADER | 00000 a a2200000 04500 | ||
|---|---|---|---|
| 001 | 39787 | ||
| 003 | cru CIDCACS/IIS | ||
| 005 | 20170504100133.0 | ||
| 008 | 170504b xxu||||| |||| 00| 0 spa d | ||
| 020 | |a 978-9977-68-173-3 | ||
| 040 | |c CIDCACS/IIS | ||
| 090 | |a 04.04.02 R741e | ||
| 100 | 1 | |a Osterlof Obregón, Doris |9 4460 | |
| 245 | |a Los sectores empresariales y elecciones / |c Doris Osterlof Obregón | ||
| 260 | |a San José: |b Costa Rica. Tribunal Supremo de Elecciones. FLACSO | ||
| 300 | |a Páginas 145-218 | ||
| 520 | |a En este capítulo se analiza la participación de la sociedad civil durante la coyuntura electoral 2006-2007, período que comprende las elecciones nacionales de febrero de 2006, las elecciones municipales realizadas en diciembre del mismo año, y el primer referéndum realizado en Costa Rica en octubre de 2007, para definir la ratificación o rechazo del Tratado de Libre Comercio entre Centroamérica, República Dominicana y Estados Unidos. La participación de los diversos sectores de la sociedad civil en estos tres momentos se analiza a partir de la caracterización de los actores colectivos, sus principales demandas y agendas temáticas, las alianzas y los principales conflictos en los que se vieron inmersos, así como los medios formales e informales de comunicación utilizados por estos actores | ||
| 650 | |a SOCIEDAD CIVIL | ||
| 650 | |a ACCION COLECTIVA | ||
| 650 | |a MOVIMIENTOS SOCIALES | ||
| 650 | |a PARTICIPACION POLITICA | ||
| 650 | |a ELECCIONES | ||
| 650 | |a REFERENDUM | ||
| 650 | |a MEDIOS DE COMUNICACION | ||
| 650 | |a COSTA RICA | ||
| 942 | |2 ddc |c LI | ||
| 773 | 0 | |0 2368 |9 705 |a Rojas Bolaños, Manuel |d San José: Costa Rica. Tribunal Supremo de Elecciones. FLACSO |o 07183 |t Elecciones 2006 y referéndum: perspectivas diversas / |w (cru CIDCACS/IIS)39793 |z 978-9977-68-173-3 | |
| 999 | |c 6814 |d 6814 | ||



